| 000 | 00585cam a22002291 4500 | ||
|---|---|---|---|
| 001 | 7894879 | ||
| 005 | 20180216035634.0 | ||
| 008 | 750402s1950 maua 000 0 eng | ||
| 010 | _a 50011691 | ||
| 035 | _a(OCoLC)1249079 | ||
| 040 |
_aDLC _cOTU _dDLC |
||
| 041 | _aeng | ||
| 042 | _apremarc | ||
| 080 | _a547 FIE | ||
| 082 | _a547 FIE | ||
| 100 | 1 | _a12 | |
| 101 | _aKIM | ||
| 245 | 0 | 0 |
_aTextbook of organic chemistry _c[by] Louis F. Fieser and Mary Fieser. |
| 504 | _aIncludes bibliographies. | ||
| 906 |
_a7 _bcbc _coclcrpl _du _encip _f19 _gy-gencatlg |
||
| 942 |
_2ddc _cBK |
||
| 999 |
_c42746 _d42746 |
||